Statistics for Countries with Overseas Military Bases

Click here to take the quiz!

General Stats

  • This quiz has been taken 194 times
  • The average score is 10 of 12

Answer Stats

Number of countries/territoriesAnswer% Correct
16United Kingdom
98%
30United States
98%
11France
97%
1China
95%
10Russia
95%
2Germany
87%
2Italy
87%
1Japan
83%
6India
80%
6Turkey
70%
1Pakistan
53%
1Greece
40%

Score Distribution

Percentile by Number Answered

Percent of People with Each Score

Your Score History

You have not taken this quiz